Informačný systém elektronického mýta

Saved in:
Bibliographic Details
Main Author: Minaříková, Petra, 1988- (Author)
Other Authors: Gallo, Ondrej, 1981- (Thesis advisor)
Format: Manuscript Book
Language:Slovak
Published: Bratislava : STU v Bratislave FEI, 2011
Subjects:
Online Access:VAIS
Tags: Add Tag
No Tags, Be the first to tag this record!

MARC

LEADER 00000ntm a22000003a 4500
001 stu231278
005 20150617230146.5
008 110713s2011----xo------------------slo-d
040 |a STU  |b slo 
041 0 |a slo 
044 |a xo 
100 1 |a Minaříková, Petra,  |d 1988-  |4 aut  |u E  |T FEI Fakulta elektrotechniky a informatiky  |X 55902  |U E  |Y 30  |7 A000055902 
242 0 0 |a Information system of electronic toll  |y eng 
245 1 |a Informačný systém elektronického mýta 
260 |a Bratislava :  |b STU v Bratislave FEI,  |c 2011 
300 |a 50 s 
650 7 |a Aplikovaná informatika  |2 stusub 
650 7 |a Applied Informatics  |2 estusub 
650 7 |a databáza  |2 stusub 
650 7 |a database  |2 estusub 
650 7 |a informačné systémy  |2 stusub 
700 1 |a Gallo, Ondrej,  |d 1981-  |4 ths  |u E050  |U FEI Fakulta elektrotechniky a informatiky  |T FEI Ústav informatiky a matematiky  |X 27473  |U E050  |Y 816  |7 A000027473 
856 4 |a info a plný text  |u http://is.stuba.sk/zp/portal_zp.pl?podrobnosti=56529  |3 VAIS 
996 |b 284ER00694  |c E*Bc-694  |l EE35  |s P  |a 0  |w stu231278_0001